000 00551nam a2200193 a 4500
001 1770813380463
003 YourLibrary
005 20260211180754.0
008 260211s2002##################000#0#eng##
020 _a9780060512606
082 0 4 _a306.7
_bSCH
100 1 _aSchlessinger, Dr. Laura,
_eauthor.
245 1 0 _aTen Stupid Things Couples Do to Mess Up Their Relationships :
260 _bHarper Perennial,
_c2002.
300 _a288 pages
650 0 _aFamily & Relationships.
942 _cENGLISH
040 _aYourLibrary
_beng
_cYourLibrary
999 _c611921
_d611921